Govt. of
Madhya Pradesh

बायोटेक्‍नोलॉजी के बढते कदम (Record no. 46963)

MARC details
000 -LEADER
fixed length control field 005800000a22001810004500
003 - CONTROL NUMBER IDENTIFIER
control field MACL
005 - DATE AND TIME OF LATEST TRANSACTION
control field 20160409155219.0
008 - FIXED-LENGTH DATA ELEMENTS--GENERAL INFORMATION
fixed length control field 160409b xxu||||| |||| 00| 0 eng d
040 ## - CATALOGING SOURCE
Original cataloging agency MACL
Transcribing agency MACL
041 ## - LANGUAGE CODE
Language code of text/sound track or separate title Hindi
082 ## - DEWEY DECIMAL CLASSIFICATION NUMBER
Classification number 600
100 ## - MAIN ENTRY--PERSONAL NAME
Personal name प्रेमचन्‍द श्रीवास्‍तव
9 (RLIN) 51450
245 ## - TITLE STATEMENT
Title बायोटेक्‍नोलॉजी के बढते कदम
260 ## - PUBLICATION, DISTRIBUTION, ETC. (IMPRINT)
Place of publication, distribution, etc. इलाहाबाद
Name of publisher, distributor, etc. पार्वती प्रकाशन
Date of publication, distribution, etc. 2011
350 ## - PRICE (NR) (BK AM CF MU VM SE) [OBSOLETE]
Price 200
650 ## - SUBJECT ADDED ENTRY--TOPICAL TERM
Topical term or geographic name as entry element Technology
9 (RLIN) 51451
942 ## - ADDED ENTRY ELEMENTS (KOHA)
Koha item type Hindi Books
Call number prefix 600
Source of classification or shelving scheme
Holdings
Withdrawn status Lost status Source of classification or shelving scheme Damaged status Not for loan Home library Current library Date acquired Cost, normal purchase price Total Checkouts Total Renewals Full call number Barcode Date last seen Date last checked out Uniform Resource Identifier Price effective from Koha item type
          MACL MACL 15/04/2015 200.00 1 1 600 CRH028033 05/06/2018 16/05/2018 47440 15/04/2015 Books